| 000 | 00546nam a2200169 i 4500 | ||
|---|---|---|---|
| 001 | 41175 | ||
| 003 | ES-MaACL | ||
| 005 | 20250804063402.0 | ||
| 007 | t| | ||
| 008 | 030310s1897 sp ||||1| spa d | ||
| 100 | 1 |
_aCascales Muñoz, José, _d1865-1933 _936269 |
|
| 245 | 1 | 4 |
_aLos primeros frutos de mi huerta _b: (versos muy malos) / _cpor José Cascales y Muñoz. |
| 260 |
_aSevilla : _b[s.n.], _c1897. |
||
| 300 |
_a90 p. ; _c20 cm. |
||
| 852 |
_aES-MaACL _jT-769-F-3 _z.- Dedicatoria manuscrita del autor |
||
| 999 |
_c41175 _d41175 |
||